| 000 | 00409nam a22001457a 4500 | ||
|---|---|---|---|
| 020 | _a978-81-8482-108-6 | ||
| 082 |
_a823 _bPAI/V |
||
| 100 | _aPAI, ANANT | ||
| 245 | _aVALI: THE DOWNFALL OF THE ARRROGANT KING | ||
| 246 |
_aVALI: THE DOWNFALL OF THE ARRROGANT KING _bVALI: THE DOWNFALL OF THE ARRROGANT KING |
||
| 260 |
_aMUMBAI _bAMAR CHITRA KATHA |
||
| 300 | _a31 | ||
| 650 | _aENGLISH STORIES | ||
| 942 | _cBK | ||
| 999 |
_c8974 _d8974 |
||